The Cyclical Behaviour of Government Spending for Social Protection: Is the OECD Methodology Robust?
Saved in:
| Main Author: | |
|---|---|
| Other Authors: | , |
| Format: | Book |
| Language: | English |
| Published: |
Vienna
The Vienna Institute for International Economic Studies
2023
|
| Subjects: | |
| Tags: |
No Tags, Be the first to tag this record!
|
MARC
| LEADER | 00000nlm a2200000 4500 | ||
|---|---|---|---|
| 001 | 0298114 | ||
| 005 | 20240416114215.6 | ||
| 041 | 0 | |a eng | |
| 044 | |a AT | ||
| 245 | 1 | 0 | |a The Cyclical Behaviour of Government Spending for Social Protection: Is the OECD Methodology Robust? |c Aleksandr Arsenev, Philipp Heimberger and Bernhard Schütz |
| 264 | 1 | |a Vienna |b The Vienna Institute for International Economic Studies |c 2023 | |
| 300 | |a 59 s. | ||
| 610 | 2 | 0 | |a výdavky štátne |
| 610 | 2 | 0 | |a dlhy štátne |
| 610 | 2 | 0 | |a deficit |
| 610 | 2 | 0 | |a rozpočty |
| 100 | 1 | |a Arsenev, Aleksandr | |
| 700 | 1 | |a Heimberger, Philipp | |
| 700 | 1 | |a Schütz, Bernhard | |